00369nam a22000977a 4500082001200000100006300012245005800075260004100133650001600174700008100190 aPRO 220 aNS Muhammad Taha Manzoor NS Noor-e-Mustafa NS Umer Sohail  aPR-SOF-1535-DESIGN AND FABRICATION OF QUADRUPED ROBOT aISLAMABADbNUST COLLEGE OF EMEc2016 a DE-MECH-34 aSUPERVISOR ASST PROFESSOR YASSER RIAZ AWAN ASSOCIATE PROFESSOR Dr YASAR AYAZ